000 00388 a2200169 4500
001 44671
020 _a8506005450
040 _cAnchieta - Aquarius
100 _aGóes, Lúcia Pimentel de Sampaio
240 1 0 _aZé diferente
_lpor
245 1 0 _aZé diferente
300 _a32
362 0 _a2007
440 1 _aLarousse do Brasil
650 4 _aLiteratura infanto-juvenil
942 _cBK
999 _c44671
_d44671